Разговоры на бумаге. № 4: Страсти по Казимиру: Малевич и его влияние на искусство второй половины XX века (Запись № 13546413)

Подробности
000 -МАРКЕР
контрольное поле 02177nam2a2200277 4500
001 - ИДЕНТИФИКАТОР ЗАПИСИ
контрольное поле RU\NLR\BIBL_A\022717943
005 - ИДЕНТИФИКАТОР ВЕРСИИ
контрольное поле 20260311115259.0
010 ## - МЕЖДУНАРОДНЫЙ СТАНДАРТНЫЙ НОМЕР КНИГИ (ISBN)
Номер (ISBN) 978-5-6050376-3-7
Тираж 500
021 ## - НОМЕР ГОСУДАРСТВЕННОЙ РЕГИСТРАЦИИ
Код страны Российская Федерация
Номер КН-П-25-075291
Номер Листа государственной регистраци КН-П-25-7307
035 ## - ДРУГИЕ СИСТЕМНЫЕ НОМЕРА
Идентификатор записи (NLR Aleph) 022717943
100 ## - ДАННЫЕ ОБЩЕЙ ОБРАБОТКИ
Данные общей обработки 20260204d2025 k y0rusy50 ca
101 0# - ЯЗЫК РЕСУРСА
Язык текста, звукозаписи и т.д. русский
102 ## - СТРАНА ПУБЛИКАЦИИ ИЛИ ПРОИЗВОДСТВА
Страна публикации Российская Федерация
105 ## - ПОЛЕ КОДИРОВАННЫХ ДАННЫХ: ТЕКСТОВЫЕ МАТЕРИАЛЫ, МОНОГРАФИЧЕСКИЕ
Кодированные данные о монографическом текстовом документе ah b 100yd
200 1# - ЗАГЛАВИЕ И СВЕДЕНИЯ ОБ ОТВЕТСТВЕННОСТИ
Основное заглавие Страсти по Казимиру: Малевич и его влияние на искусство второй половины XX века
210 ## - ПУБЛИКАЦИЯ, РАСПРОСТРАНЕНИЕ И ДР.
Дата издания, распространения и т.д. 2025
215 ## - ФИЗИЧЕСКАЯ ХАРАКТЕРИСТИКА
Специфическое обозначение материала и объем [3], 24, [2] с.
Другие сведения о физической характеристике ил., цв. ил., факс.
461 #0 - УРОВЕНЬ НАБОРА
Встроенное поле 001RU\NLR\BIBL_A\022717892
-- 2001#$aРазговоры на бумаге$e[о наследии русского авангарда и о неофициальном искусстве 1970-1980-х на страницах журнала "А-Я"$eк выставке "Путь к авангарду: диалоги художников в журнале "А-Я", 4 сентября 2025 - 18 января 2026$eкаталог$eв семи тетрадях$fсоставители: Ирина Горлова, Анна Замрий]$v№ 4
Системный номер (АБИС) связанной записи 13633004
Место публикации Москва
Дата публикации 2025-
Первые сведения об ответственности составители: Ирина Горлова, Анна Замрий]
Имя издателя, распространителя и т.д. Центр "Зотов"
Сведения, относящиеся к заглавию [о наследии русского авангарда и о неофициальном искусстве 1970-1980-х на страницах журнала "А-Я" : к выставке "Путь к авангарду: диалоги художников в журнале "А-Я", 4 сентября 2025 - 18 января 2026 : каталог : в семи тетрадях
Заглавие Разговоры на бумаге
Номер тома № 4
600 #1 - ИМЯ ЛИЦА КАК ПРЕДМЕТ
Начальный элемент ввода Малевич
Часть имени, кроме начального элемента ввода К.С.
Даты 1878 - 1935
Расширение инициалов личного имени Казимир Северинович
Системный номер авторитетной/нормативной записи 1198982
Идентификатор авторитетной/нормативной записи RU\NLR\AUTH\66485030
686 1# - ИНДЕКСЫ ДРУГИХ КЛАССИФИКАЦИЙ
Индекс Щ143(2Р=Рус)7-8Малевич
702 #1 - ИМЯ ЛИЦА - ВТОРИЧНАЯ ОТВЕТСТВЕННОСТЬ
Код отношения Объект посвящения
Графика поля Кириллица
Материалы, к которым относится поле rus
Начальный элемент ввода Малевич
Часть имени, кроме начального элемента ввода К. С.
Дополнения к именам, кроме дат художник
Даты 1878-1935
Расширение инициалов личного имени Казимир Северинович
Системный номер авторитетной/нормативной записи 81318
Идентификатор авторитетной/нормативной записи RU\NLR\AUTH\7798392
942 ## - ДОПОЛНИТЕЛЬНЫЕ ЭЛЕМЕНТЫ ЗАПИСИ (АБИС)
Тип экземпляра АБИС Книга
980 ## - КОЛЛЕКЦИЯ
Название коллекции Национальная библиография

Нет доступных экземпляров.